000 01397cam a2200349 i 4500
001 24628
003 Mx-PuUPA
005 20250613102923.0
008 140415s2014 mx a gr 001 0 spa d
020 _a9786079275464
040 _aMx-PuUPA
_bspa
_cMx-PuUPA
_dMx-PuUPA
_erda
041 0 _aspa
043 _an-mx---
100 1 _aMondragón Quintana, Juan Carlos,
_917122
_eautor
245 1 0 _aFinanciamiento de partidos, rendición de cuentas y corrupción en México /
_cJuan Carlos Mondragón Quintana ; directora de tesis, Irma Méndez de Hoyos
250 _aPrimera edición /
_boctubre
264 1 _aMéxico, D. F. :
_bFacultad Latinoamericana de Ciencias Sociales,
_c2014
300 _a119 páginas :
_bilustraciones, gráficas ;
_c23 cm
336 _2rdacontent
_atexto
_btxt
337 _2rdamedia
_asin medio
_bn
338 _2rdacarrier
_avolumen
_bnc
650 7 _2armarc
_aPartidos políticos
_xFinanciamiento
_zMéxico
650 7 _2armarc
_aPartidos políticos
_xRendición de cuentas
_zMéxico
650 7 _2armarc
_aCorrupción política
_zMéxico
650 7 _2armarc
_aCorrupción política
_xPrevención
_zMéxico
700 1 _aMéndez de Hoyos, Irma,
_ecolaborador
942 _2ddc
_cLI
_h324.20972
_iM73
999 _c24628
_d24628